000 00353 a2200169 4500
001 182168
020 _a85-01-91200-X
040 _cMagnum
100 _aSabino, Fernando
240 1 0 _aO encontro marcado
_lpor
245 1 0 _aO encontro marcado
300 _a285
362 0 _a1996
440 1 _aRecord
697 _aLITERATURA GERAL
942 _cBK
999 _c182168
_d182168